00619 2200217 4500001002100000005001700021008004100038020001800079035002500097040001200122082001000134084001600144100001800160245011300178250001000291260003300301300002200334650001100356700002200367850001200389INLIS00000000000743920150702114718.0  a979-963-446-6 a0010-071500000000122 aYOPDYOG a297.5 a297.5 Qar I aQarni Aidh Al aISY Kariimanb: Renungan ruhani pelindung kepribadian Qur;anicAidh al-Qarni ; Penerjemah, Denis Arifandi PS aCet.1 aYogyakartabDIVA Pressc2008 a572 hlm.c; 20 cm aRetret aDenis Arifandi PS aYOPDYOG